000 03964aam a2200385 i 4500
001 015284444
003 EG-ScBUE
005 20251126102906.0
008 080319s2009 nyua f b 001 0 eng d
020 _a9780805864502 (pbk.)
020 _a0805864504 (pbk.)
035 _a(OCoLC)ocn214322754
040 _aDLC
_beng
_erda
_cDLC
_dBAKER
_dYDXCP
_dBTCTA
_dC#P
_dCDX
_dBWX
_dSUC
_dIOJ
_dNLGGC
_dUPM
_dDLC
_dUk
_dEG-ScBUE
043 _an-us---
082 0 4 _a302.23
_222
_bMED
245 0 0 _aMedia effects :
_badvances in theory and research /
_cedited by Jennings Bryant and Mary Beth Oliver.
250 _aThird edition.
264 1 _aNew York ;
_aLondon :
_bRoutledge,
_c2009.
300 _axv, 640 pages :
_billustrations ;
_c27 cm.
336 _atext
_2rdacontent
_btxt
337 _aunmediated
_2rdamedia
_bn
338 _avolume
_2rdacarrier
_bnc
490 0 _aCommunication series. Communication theory and methodology
504 _aIncludes bibliographical references and indexes.
505 0 0 _tHow the news shapes our civic agenda /
_rMaxwell McCombs, Amy Reynolds --
_tNews framing theory and research /
_rDavid Tewksbury, Dietram A. Scheufele --
_tGrowing up with television : cultivation processes /
_rMichael Morgan, James Shanahan, Nancy Signorielli --
_tMedia consumption and perceptions of social reality : effects and underlying processes /
_rL. J. Shrum --
_tMedia priming : an updated synthesis /
_rDavid R. Roskos-Ewoldsen, Beverly Roskos-Ewoldsen, Francesca Dillman Carpentier --
_tSocial cognitive theory of mass communication /
_rAlbert Bandura --
_tMass media attitude change : implications of the elaboration likelihood model of persuasion /
_rRichard E. Petty, Pablo BriƱol, Joseph R. Priester --
_tUses-and-gratifications perspective on media effects /
_rAlan M. Rubin --
_tWhere psychophysiology meets the media : taking the effects out of mass media research /
_rAnnie Lang, Robert F. Potter, Paul Bolls --
_tMedia and civic participation : on understanding and misunderstanding communication effects /
_rDhavan V. Shah, Hernando Rojas, Jaeho Cho --
_tPolitical communication effects /
_rDouglas M. McLeod, Gerald M. Kosicki, Jack M. McLeod --
_tMass media, social perception, and the third-person effect /
_rRichard M. Perloff --
_tMedia violence /
_rGlenn G. Sparks, Cheri W. Sparks, Erin A. Sparks --
_tFright reactions to mass media /
_rJoanne Cantor --
_tEffects of sex in the media /
_rRichard Jackson Harris, Christopher P. Barlett --
_tEffects of racial and ethnic stereotyping /
_rDana Mastro --
_tContent patterns and effects surrounding sex-role stereotyping on television and film /
_rStacy L. Smith, Amy D. Granados --
_tThe effects of media on marketing communications /
_rDavid W. Stewart, Paul A. Pavlou --
_tEducational television and interactive media for children : effects on academic knowledge, skills, and attitudes /
_rShalom M. Fisch --
_tPublic communication campaigns : theoretical principles and practical applications /
_rRonald E. Rice, Charles K. Atkin --
_tEffects of media on personal and public health /
_rKim Walsh-Childers, Jane D. Brown --
_tEffects of media on eating disorders and body image /
_rMichael P. Levine, Kristen Harrison --
_tIndividual differences in media effects /
_rMary Beth Oliver, K. Maja Krakowiak --
_tEntertainment and enjoyment as media effects /
_rPeter Vorderer, Tilo Hartmann --
_tEffects of computer/video games and beyond /
_rKwan Min Lee, Wei Peng, Namkee Park --
_tEffects of the Internet /
_rCarolyn A. Lin --
_tEffects of mobile communication /
_rScott W. Campbell, Rich Ling.
650 7 _aMass media
_zUnited States
_xPsychological aspects.
_2BUEsh
650 7 _aMass media
_xSocial aspects
_zUnited States.
_2BUEsh
650 7 _aMass media
_xPolitical aspects
_zUnited States.
_2BUEsh
650 7 _aMass media
_zUnited States
_xInfluence.
_2BUEsh
655 _vReading book
700 1 _aBryant, Jennings,
_eeditor.
700 1 _aOliver, Mary Beth,
_eeditor.
942 _2ddc
_cBB
999 _c31019
_d30990